Capitali del mondo che iniziano con la U,W,Y e Z - Statistics

Statistiche generali
  • Questo quiz è stato fatto 483 volte
  • Il punteggio medio è 5 su 8
Statistiche sulle risposte
Risposta % Corretto
Washington
85%
Zagabria
80%
Ulan Bator
78%
Wellington
78%
Yaoundè
57%
Yaren
52%
Windhoek
48%
Yamoussoukro
36%
Nessun quiz corrispondente trovato
Distribuzione punteggi
Percentuale di utenti per punteggio
Percentile per numero di risposta
I tuoi punteggi nel tempo
Non hai fatto questo quiz